00937cam a22002415a 45000010009000000050017000090080041000260200018000670400033000850820021001181000025001392450091001642600031002553000032002864900039003185040041003576500069003986500036004676530025005039420008005289990017005369520142005531881810820201128024033.0151015t2015 gw a frb 000 0 eng d a9783319209937 aDLCbengcDLCdDLCdEG-ScBUE04222a621.388bMIC1 aMichéle, Benjamin.10aSmart TV security :bmedia playback and digital video broadcast /cBenjamin Michéle. aCham :bSpringer,cc.2015. axv, 92 p. :bill. ;c24 cm.0 aSpringerBriefs in computer science aIncludes bibliographical references. 72BUEshaTelevisionxTechnological innovationsxSecurity measures. 792637aComputer security.2BUEsh bCOMSCIcDecember2016 2ddc c23431d23403 00102ddc40708BaccahaMAINbMAINc1STd2016-12-04ePurchaseg575.00h25137l0o621.388 MICp000040244r2025-07-15 00:00:00v718.75yBB